| 000 | 00781 a2200241 4500 | ||
|---|---|---|---|
| 003 | CBULib | ||
| 005 | 20240419100639.0 | ||
| 008 | 240417b |||||||| |||| 00| 0 eng d | ||
| 020 | _a9780197601266 | ||
| 040 |
_bEnglish _cCBULib _erda |
||
| 050 | _aBP 173.6 Hel | ||
| 100 | _aHelfont, Samuel | ||
| 245 |
_aCompulsion in religion : Saddam Hussein, Islam and the roots of insurgencies in Iraq _c/ by Samuel Helfont |
||
| 260 |
_bOxford University Press, _c2018 _aNew York : |
||
| 300 | _axii, 290 pages | ||
| 336 |
_2rdacontent _aText | _btxt |
||
| 337 |
_2rdamedia _aUnmediated | _bn |
||
| 338 |
_2rdacarrier _aVolume _bnc |
||
| 650 | 0 |
_92778 _aHISTORY |
|
| 650 | 0 |
_92779 _aHUSSEIN,SADDAM,1937-2006 |
|
| 650 | 0 |
_92780 _aISLAM AND POLITICS -- IRAQ-- HISTORY |
|
| 942 |
_2lcc _c002 |
||
| 999 |
_c84886 _d84886 |
||